Score 0/42 Timer 02:00
2 Plays Today
% Correct
Casey
91.8%
the
90%
The
90%
out.
81.3%
struck
80%
in
75.2%
in
75.2%
mighty
74.9%
has
73.7%
Oh,
72.7%
is
72.3%
is
72.3%
is
72.3%
no
68.7%
there
64.8%
Mudville -
63.5%
joy
60.4%
and
60.2%
And
60.2%
And
60.2%
But
51.5%
% Correct
somewhere
39.6%
somewhere,
39.6%
somewhere
39.6%
somewhere
39.6%
somewhere
39.6%
are
37%
are
37%
this
33.6%
children
32.9%
sun
31.2%
shining
29.5%
shout;
28.4%
land
26.9%
bright;
26.9%
men
23.2%
light,
22%
laughing,
21.4%
hearts
19.8%
playing
18.6%
band
17.7%
favored
14.5%
Remove Ads.
Support Sporcle.
Get the best of Sporcle when you Go Orange. This ad-free experience offers more features, more stats, and more fun while also helping to support Sporcle. Thank you for becoming a member.

You're not logged in!

Compare scores with friends on all Sporcle quizzes.
OR
Log In

Show Comments

Extras

Top Quizzes Today


Score Distribution

Your Account Isn't Verified!

In order to create a playlist on Sporcle, you need to verify the email address you used during registration. Go to your Sporcle Settings to finish the process.

Report this User

Report this user for behavior that violates our Community Guidelines.

Details: